Οι βρυκόλακες

Αποθηκεύτηκε σε:
Λεπτομέρειες βιβλιογραφικής εγγραφής
Κύριος συγγραφέας: Ibsen, Henrik, 1828-1906
Μορφή: Βιβλίο
Γλώσσα:Greek
Norwegian
Δημοσίευση: Αθήνα : Νέος Παλμός, 1975.
Θέματα:
Ετικέτες: Προσθήκη ετικέτας
Δεν υπάρχουν, Καταχωρήστε ετικέτα πρώτοι!

MARC

LEADER 00000cam a2200000 i 4500
001 1/10440
008 101005s1975 gr | | | |||| ||gre||
035 |l 10109013 
040 |a GR-MyUa  |b gre  |e AACR2 
041 1 |a gre  |h nor 
082 7 |a 839.822   |2 (22) 
100 1 |a Ibsen, Henrik,   |d 1828-1906. 
245 1 3 |a Οι βρυκόλακες /   |c Ερρίκου Ίψεν ; μετάφραση Μάριου Λαέρτη. 
260 |a Αθήνα :   |b Νέος Παλμός,   |c 1975. 
300 |a 71 σ. ;   |c 22 εκ. 
650 0 |a Norwegian drama. 
852 |a INST  |b SYROS  |e 20101005  |h 839.822 IBS  |p 005500009581  |q 005500009581  |t BK  |y 0 
901 |a BIBL5-2010-3 
970 |a Κοντού  |b Παρασκευή  |z 05/10/2010